مو لا نا ا بو الکلا م آ ز ا د ا يک تا ر يخی مطا لعہ (Record no. 179200)

MARC details
000 -LEADER
fixed length control field 00723nam a22001937a 4500
005 - DATE AND TIME OF LATEST TRANSACTION
control field 20210531105025.0
010 ## - LCCN (DPL NO)
LC control number UR-11127
020 ## - INTERNATIONAL STANDARD BOOK NUMBER
Terms of availability 150.00
International Standard Book Number 9788194824428
035 ## - SYSTEM CONTROL NUMBER
System control number U-9682
037 ## - SOURCE OF ACQUISITION
Source of stock number/acquisition DBAD/PUB
082 ## - DEWEY DECIMAL CLASSIFICATION NUMBER
Classification number 840.54
100 ## - MAIN ENTRY--PERSONAL NAME
Personal name عبد العز يز عر فا ن
245 ## - TITLE STATEMENT
Title مو لا نا ا بو الکلا م آ ز ا د ا يک تا ر يخی مطا لعہ
Statement of responsibility, etc عبد العز يز عر فا ن
246 ## - VARYING FORM OF TITLE
Title proper/short title Moulana Abulkalam Azad Ek Tareekhi Mutalla (Urdu)
Remainder of title by Abdul Aziz Irfan
260 ## - PUBLICATION, DISTRIBUTION, ETC. (IMPRINT)
Place of publication, distribution, etc Aurangabad
Date of publication, distribution, etc 2021 ء
Name of publisher, distributor, etc Hazrat Burhanuddin
270 ## - ADDRESS
Address Hazrat Burhanuddin Ghareeb Acadmy
City Khuld Abad
Postal code -
Fax number -
300 ## - PHYSICAL DESCRIPTION
Extent 160 ص
Dimensions 22 Cm(Hb)
942 ## - ADDED ENTRY ELEMENTS (KOHA)
Source of classification or shelving scheme Dewey Decimal Classification
Item type Urdu Bks
Classification part 844.954
Call number suffix ن ر ہ

No items available.


© Delhi Public Library
Hit Counter
free hit counter